00462nam a2200157Ia 4500999001500000003000400015005001700019008004100036040000900077082001900086100001900105245006600124260006100190300000900251942004400260 c6423d6423OSt20200124160131.0190216s9999||||xx |||||||||||||| ||und|| coclc a658.421bVIN/E aVinod, A9643 0aEntrepreneurial Development And Project Management /cA Vinod bCalicut University Central Co-Operative,c2003.aKannur: a416p cBK2ddch658.421iVIN/Ek658.421mVIN/E